[Event "Torneio Nacional Honour 2017-18"]
[Site "Cascais"]
[Date "2018.08.17"]
[Round "9"]
[White "Santos, Isabel"]
[Black "Horta, Antonio Mauricio Ri"]
[Result "1/2-1/2"]
[WhiteElo "2005"]
[BlackElo "1950"]
[Annotator "NA"]
[PlyCount "32"]
[EventDate "2018.08.11"]
[EventType "tourn"]
[EventCountry "POR"]
[SourceTitle "playchess.com"]
[Source "ChessBase"]
[SourceQuality "1"]
[TimeControl "5400+30"]

1. d4 {[%emt 0:48:33]} d5 {[%emt 0:02:10]} 2. c4 {[%emt 0:00:20]} Nf6 {[%emt 0:00:10]} 3. cxd5 {[%emt 0:00:09]} Nxd5 {[%emt 0:00:13]} 4. e4 {[%emt 0:00:05]} Nb6 {[%emt 0:02:09]} 5. Nc3 {[%emt 0:00:30]} g6 {[%emt 0:00:37]} 6. Nf3 {[%emt 0:00:09]} Bg7 {[%emt 0:00:07]} 7. Be3 {[%emt 0:02:32]} O-O {[%emt 0:00:26]} 8. Be2 {[%emt 0:00:47]} Bg4 {[%emt 0:05:03]} 9. O-O {[%emt 0:01:03]} Bxf3 {[%emt 0:02:56]} 10. Bxf3 {[%emt 0:00:05]} Nc4 {[%emt 0:00:08]} 11. Qb3 {[%emt 0:02:17]} Nxe3 {[%emt 0:01:58]} 12. fxe3 {[%emt 0:00:03]} Qc8 {[%emt 0:16:55]} 13. Rac1 {[%emt 0:01:55]} Nc6 {[%emt 0:03:23]} 14. e5 {[%emt 0:04:52]} Rb8 {[%emt 0:02:29]} 15. Nd5 {[%emt 0:08:52]} Qd7 {[%emt 0:03:40]} 16. Nf4 {[%emt 0:01:45]} Nxd4 {[%emt 0:01:16]} 1/2-1/2

[Event "Torneio Nacional Honour 2017-18"]
[Site "Cascais"]
[Date "2018.08.17"]
[Round "9"]
[White "Lavrador, Rodolfo M Mascarenh"]
[Black "Godinho Marques, Pedro"]
[Result "1-0"]
[WhiteElo "1859"]
[BlackElo "1862"]
[Annotator "NA"]
[PlyCount "127"]
[EventDate "2018.08.11"]
[EventType "tourn"]
[EventCountry "POR"]
[SourceTitle "playchess.com"]
[Source "ChessBase"]
[SourceQuality "1"]
[TimeControl "5400+30"]

1. e4 {[%emt 0:00:00]} c5 {[%emt 0:04:26]} 2. Nf3 {[%emt 0:00:12]} a6 {[%emt 0:00:23]} 3. d4 {[%emt 0:01:32]} cxd4 {[%emt 0:00:09]} 4. Nxd4 {[%emt 0:00:11]} Nf6 {[%emt 0:00:09]} 5. Nc3 {[%emt 0:01:08]} e5 {[%emt 0:00:41]} 6. Nf3 {[%emt 0:00:23]} Bb4 {[%emt 0:00:17]} 7. Bd2 {[%emt 0:01:39]} O-O {[%emt 0:05:59]} 8. Bd3 {[%emt 0:00:39]} d5 {[%emt 0:05:09]} 9. Qe2 {[%emt 0:07:10]} ({Much worse is} 9. Nxe5 Re8 $17) (9. Nxd5 $11 Bxd2+ 10. Nxd2 (10. Qxd2 Nxd5 11. exd5 e4 $15)) 9... d4 {[%emt 0:07:53]} 10. Nb1 {[%emt 0:02:08]} Bxd2+ {[%emt 0:02:26]} 11. Nbxd2 {[%emt 0:00:36]} Bg4 {[%emt 0:01:13]} 12. O-O {[%emt 0:00:55]} Nbd7 {[%emt 0:01:37]} 13. h3 {[%emt 0:02:18]} Bh5 {[%emt 0:04:31]} 14. Rfe1 $15 {[%emt 0:02:13]} Qe7 {[%emt 0:07:52]} 15. Nf1 {[%emt 0:04:21]} Rac8 {[%emt 0:02:25]} 16. g4 {[%emt 0:00:51]} Bg6 {[%emt 0:03:06]} 17. Ng3 {[%emt 0:01:54]} Nc5 {[%emt 0:02:07]} 18. Nf5 {[%emt 0:01:16]} Qc7 {[%emt 0:03:50]} 19. Qd2 {[%emt 0:15:53]} Ne6 {[%emt 0:03:10]} 20. N3h4 {[%emt 0:06:25]} Nf4 {[%emt 0:01:00]} 21. Kh2 {[%emt 0:00:14]} Rfe8 {[%emt 0:09:02]} 22. Ng2 {[%emt 0:03:47]} Bxf5 {[%emt 0:02:28]} 23. exf5 {[%emt 0:03:33]} Nxd3 {[%emt 0:04:57]} 24. cxd3 {[%emt 0:00:57]} Qc2 {[%emt 0:13:00]} 25. Re2 {[%emt 0:02:07]} Qxd2 {[%emt 0:01:17]} 26. Rxd2 {[%emt 0:00:12]} Nd5 {[%emt 0:00:11]} 27. Re1 {[%emt 0:05:00]} Kf8 {[%emt 0:02:11]} 28. a3 {[%emt 0:02:04]} f6 {[%emt 0:01:26]} 29. Ree2 {[%emt 0:00:37]} Re7 {[%emt 0:00:59]} 30. Kg3 {[%emt 0:01:02]} b5 {[%emt 0:01:18]} 31. h4 {[%emt 0:00:48]} b4 {[%emt 0:01:36]} 32. axb4 {[%emt 0:01:15]} Nxb4 {[%emt 0:03:04]} 33. f4 {[%emt 0:00:36]} Nd5 {[%emt 0:00:28]} 34. fxe5 {[%emt 0:01:12]} fxe5 {[%emt 0:00:13]} 35. Kf3 {[%emt 0:03:22]} a5 {[%emt 0:00:34]} 36. Rc2 {[%emt 0:03:28]} Rxc2 {[%emt 0:03:58]} 37. Rxc2 {[%emt 0:00:08]} Nb4 {[%emt 0:00:19]} 38. Rc8+ {[%emt 0:00:14]} Kf7 {[%emt 0:00:11]} 39. Ke4 {[%emt 0:00:51]} Na6 {[%emt 0:01:23]} 40. Ne1 {[%emt 0:01:57]} Rb7 {[%emt 0:00:27]} 41. Nf3 {[%emt 0:02:29]} Rxb2 {[%emt 0:01:08]} 42. Nxe5+ {[%emt 0:00:28]} Ke7 {[%emt 0:00:17]} 43. Kxd4 {[%emt 0:03:27]} a4 {[%emt 0:00:29]} 44. Ra8 {[%emt 0:01:16]} Rb6 {[%emt 0:00:57]} 45. Ra7+ {[%emt 0:00:42]} Ke8 {[%emt 0:00:37]} 46. Nc4 {[%emt 0:00:44]} Rc6 {[%emt 0:00:38]} 47. Rxg7 Nc7 48. Rxh7 {[%emt 0:03:25]} Nb5+ {[%emt 0:01:14]} 49. Kd5 {[%emt 0:00:37]} Ra6 {[%emt 0:00:24]} 50. g5 {[%emt 0:05:54]} a3 {[%emt 0:00:08]} 51. Nxa3 {[%emt 0:00:07]} Rxa3 {[%emt 0:00:33]} 52. g6 {[%emt 0:00:47]} Rxd3+ {[%emt 0:01:05]} 53. Kc4 {[%emt 0:00:06]} Rf3 {[%emt 0:00:21]} 54. Kxb5 {[%emt 0:00:35]} Rxf5+ {[%emt 0:00:09]} 55. Kc4 {[%emt 0:00:21]} Rf4+ {[%emt 0:01:12]} 56. Kd5 {[%emt 0:00:17]} Rg4 {[%emt 0:00:45]} 57. h5 {[%emt 0:00:11]} Kf8 {[%emt 0:00:07]} 58. Ke5 {[%emt 0:00:30]} Ra4 {[%emt 0:00:43]} 59. Kf6 {[%emt 0:00:31]} Kg8 {[%emt 0:00:41]} 60. Rb7 {[%emt 0:00:39]} Ra6+ {[%emt 0:00:25]} 61. Kg5 {[%emt 0:00:13]} Ra5+ {[%emt 0:00:32]} 62. Kh6 {[%emt 0:00:23]} Ra8 {[%emt 0:00:14]} 63. Rb5 {[%emt 0:02:50]} Rc8 {[%emt 0:00:21]} 64. Kg5 {[%emt 0:00:13]} 1-0

[Event "Torneio Nacional Honour 2017-18"]
[Site "Cascais"]
[Date "2018.08.17"]
[Round "9"]
[White "Goncalves, Carlos Manuel M"]
[Black "De Moura, Fernando Alves"]
[Result "1-0"]
[WhiteElo "1645"]
[BlackElo "1814"]
[Annotator "NA"]
[PlyCount "105"]
[EventDate "2018.08.11"]
[EventType "tourn"]
[EventCountry "POR"]
[SourceTitle "playchess.com"]
[Source "ChessBase"]
[SourceQuality "1"]
[TimeControl "5400+30"]

1. Nf3 {[%emt 0:20:39]} Nf6 {[%emt 0:00:00]} 2. g3 {[%emt 0:00:08]} c6 {[%emt 0:00:33]} 3. Bg2 {[%emt 0:00:08]} g6 {[%emt 0:00:20]} 4. O-O {[%emt 0:00:10]} Bg7 {[%emt 0:00:07]} 5. d3 {[%emt 0:00:18]} O-O {[%emt 0:02:03]} 6. e4 {[%emt 0:00:50]} d6 {[%emt 0:00:09] LiveBook: 24 Games} 7. c3 {[%emt 0:00:31]} e5 {[%emt 0:01:33]} 8. a4 {[%emt 0:01:17]} Re8 {[%emt 0:02:51]} 9. h3 {[%emt 0:01:21]} d5 {[%emt 0:08:57]} 10. Qb3 {[%emt 0:03:23]} dxe4 {[%emt 0:09:11]} 11. Ng5 {[%emt 0:00:23]} Qc7 $15 {[%emt 0:03:13]} 12. Nxe4 {[%emt 0:02:15]} Nxe4 {[%emt 0:01:22]} 13. dxe4 {[%emt 0:00:18]} Be6 {[%emt 0:00:59]} 14. Qc2 {[%emt 0:01:58]} Nd7 {[%emt 0:01:50]} 15. Be3 {[%emt 0:01:09]} b6 {[%emt 0:02:39]} 16. Nd2 {[%emt 0:03:17]} c5 {[%emt 0:05:16]} 17. Rfd1 {[%emt 0:07:13]} Rad8 {[%emt 0:03:31]} 18. Nf3 {[%emt 0:01:02]} h6 {[%emt 0:00:30]} 19. Rd2 {[%emt 0:04:22]} Qc8 {[%emt 0:09:58]} 20. Rad1 {[%emt 0:03:42]} Nb8 {[%emt 0:04:40]} 21. Kh2 {[%emt 0:02:51]} Nc6 {[%emt 0:01:08]} 22. Qc1 {[%emt 0:00:36]} Kh7 {[%emt 0:01:46]} 23. Ne1 {[%emt 0:02:28]} Bb3 {[%emt 0:01:21]} 24. Rxd8 {[%emt 0:00:21]} Rxd8 {[%emt 0:00:09]} 25. Rxd8 {[%emt 0:00:13]} Qxd8 {[%emt 0:00:02]} 26. f4 {[%emt 0:00:36]} Bxa4 {[%emt 0:08:17]} 27. f5 {[%emt 0:01:01]} Na5 {[%emt 0:06:08]} 28. Bf1 {[%emt 0:07:32]} Qd1 {[%emt 0:05:13]} 29. Qxd1 {[%emt 0:05:14]} Bxd1 {[%emt 0:00:03]} 30. b4 {[%emt 0:00:22]} cxb4 {[%emt 0:00:58]} 31. cxb4 {[%emt 0:00:02]} Nb3 {[%emt 0:00:36]} 32. Bc4 {[%emt 0:00:33]} f6 {[%emt 0:07:20]} 33. g4 {[%emt 0:00:59]} Bf8 {[%emt 0:00:28]} 34. Nd3 {[%emt 0:02:46]} Nd4 {[%emt 0:03:24]} 35. fxg6+ {[%emt 0:03:20]} Kxg6 {[%emt 0:00:04]} 36. Kg3 {[%emt 0:01:29]} Be2 {[%emt 0:03:11]} 37. b5 {[%emt 0:03:31]} Bd6 {[%emt 0:01:38]} 38. Kf2 {[%emt 0:01:40]} Bd1 {[%emt 0:00:33]} 39. Nb2 {[%emt 0:02:59]} Bb3 {[%emt 0:00:50]} 40. Bxd4 exd4 {[%emt 0:04:19]} 41. Bxb3 {[%emt 0:00:45]} h5 {[%emt 0:00:18]} 42. gxh5+ {[%emt 0:00:21]} Kxh5 {[%emt 0:00:02]} 43. Be6 {[%emt 0:00:20]} Bc7 {[%emt 0:01:02]} 44. Ke2 Kh4 45. Kd3 {[%emt 0:02:12]} Be5 {[%emt 0:00:52]} 46. Nd1 {[%emt 0:01:23]} Kg3 {[%emt 0:00:14]} 47. Bf5 {[%emt 0:00:44]} Kh4 {[%emt 0:00:18]} 48. Nb2 {[%emt 0:00:38]} Kg3 {[%emt 0:00:07]} 49. Nc4 {[%emt 0:00:07]} Kh4 {[%emt 0:00:20]} 50. Nd2 {[%emt 0:01:15]} Kg3 {[%emt 0:00:29]} 51. Bg4 {[%emt 0:00:06]} Kf4 {[%emt 0:00:21]} 52. Nf3 {[%emt 0:00:55]} Kg3 {[%emt 0:00:14]} 53. Nxd4 {[%emt 0:00:17]} 1-0